Optimizmus na neobjavenom trhu
Stav kapitálového trhu na Slovensku. Zánik druhého burzového domu - Slovenská burza cenných papierov. Vývoj trhovej kapitalizácie na Burze cenných papierov v Bratislave /BCPB/. Zníženie počtu obchodníkov s cennými papiermi v dôsledku zákona č.566/2001 Z.z. o cenných papieroch a investičných službách...
Salvato in:
| Autore principale: | |
|---|---|
| Natura: | Capitolo di libro |
| Lingua: | slovacco |
| Soggetti: | |
| Tags: |
Nessun Tag, puoi essere il primo ad aggiungerne!!
|
MARC
| LEADER | 00000naa a2200000 4500 | ||
|---|---|---|---|
| 001 | r047681 | ||
| 005 | 20230920090400.7 | ||
| 041 | 0 | |a slo | |
| 044 | |a SK | ||
| 245 | 1 | 0 | |a Optimizmus na neobjavenom trhu |c Želmíra Václavová Habánová |
| 520 | |a Stav kapitálového trhu na Slovensku. Zánik druhého burzového domu - Slovenská burza cenných papierov. Vývoj trhovej kapitalizácie na Burze cenných papierov v Bratislave /BCPB/. Zníženie počtu obchodníkov s cennými papiermi v dôsledku zákona č.566/2001 Z.z. o cenných papieroch a investičných službách. Trhová kapitalizácia kótovaných akcií a jej podiel na HDP v krajinách V4. Perspektíva pre kolektívne investovanie. Štruktúra otvorených podielových fondov. | ||
| 610 | 2 | 0 | |a trh kapitálový |
| 610 | 2 | 0 | |a trh peňažný |
| 610 | 2 | 0 | |a burzovníctvo |
| 610 | 2 | 0 | |a burzy |
| 610 | 2 | 0 | |a obchody burzové |
| 610 | 2 | 0 | |a akcie |
| 610 | 2 | 0 | |a fondy podielové |
| 610 | 2 | 0 | |a Slovensko |
| 610 | 2 | 0 | |a Vyšehradská štvorka |
| 100 | 1 | |a Habánová, Želmíra | |